Circular Migration and Its Impacts in the Current Stage of Globalization

V dnešných podmienkach globalizácie by kruhová migrácia mohla vyriešiť niektoré problémy, s ktorými sa stretávame pri spätnej migrácii. Genéza a analýza konceptu okružnej migráci. Potreba vytvorenia mechanizmov na zabezpečenie obehového charakteru migračného hnutia. Jeho dopady na rozvoj pôvodných k...

Description complète

Enregistré dans:
Détails bibliographiques
Auteur principal: Přívarová, Magdaléna, 1955-
Autres auteurs: Přívara, Andrej, 1983-
Format: Chapitre de livre
Langue:anglais
Sujets:
Tags: Ajouter un tag
Pas de tags, Soyez le premier à ajouter un tag!

MARC

LEADER 00000nla a2200000 4500
001 0227105
005 20240502083609.6
041 0 |a eng 
044 |a NL 
245 1 0 |a Circular Migration and Its Impacts in the Current Stage of Globalization  |c Magdaléna Přívarová, Andrej Přívara 
520 |a V dnešných podmienkach globalizácie by kruhová migrácia mohla vyriešiť niektoré problémy, s ktorými sa stretávame pri spätnej migrácii. Genéza a analýza konceptu okružnej migráci. Potreba vytvorenia mechanizmov na zabezpečenie obehového charakteru migračného hnutia. Jeho dopady na rozvoj pôvodných krajín. Medzinárodná spolupráca je nevyhnutnou podmienkou obojstranne výhodnej stratégie, ako dôležitej súčasti okružnej migrácie. 
610 2 0 |a migrácia 
610 2 0 |a globalizácia 
610 2 0 |a spolupráca medzinárodná 
610 2 0 |a Európska únia 
610 2 0 |a krajiny rozvojové 
610 2 0 |a trh práce 
100 1 |a Přívarová, Magdaléna, 1955- 
700 1 |a Přívara, Andrej, 1983-